Formule d'Euler-Poincare en cohomologie etale

Na minha lista:
Detalhes bibliográficos
Autor principal: Grothendieck, A (Autor)
Formato: Livro
Idioma:francês
Publicado em: Valparaíso Universidad Católica de Valparaíso 1970
Assuntos:
Tags: Adicionar Tag
Sem tags, seja o primeiro a adicionar uma tag!

MARC

LEADER 00000cam a2200000 a 4500
001 UCP2648
003 CL-VaPUC
008 990520e19700000CL |||||||||||||||||fre|d
082 0 4 |a 512.55  |b GRO  |2 21 
100 |a Grothendieck, A  |e author  |9 430653 
245 1 0 |a Formule d'Euler-Poincare en cohomologie etale 
300 |a 35 p 
942 |c BK 
945 |d 19990520 00:00:00  |a crobeson 
260 |a Valparaíso  |b Universidad Católica de Valparaíso  |c 1970 
650 7 |a CATEGORIAS  |2 CL-VaPUC  |9 370232 
650 7 |a COHOMOLOGIA  |2 CL-VaPUC  |9 423575 
583 |a last modification  |c 20171229 10:24:23  |k Rodrigo Vera 
999 |c 281156  |d 281154 
952 |0 0  |1 0  |4 0  |6 512_550000000000000_GRO_1970  |7 0  |8 A  |9 321824  |a BIBMAT  |b BIBMAT  |d 2019-11-20  |i 1346520  |l 1  |o 512.55 GRO 1970  |p 1346520  |r 2025-01-07  |s 2022-06-30  |w 2019-11-20  |y BK  |k MAT 
952 |0 0  |1 0  |3 erd  |4 0  |6 512_550000000000000_GRO_1970  |7 0  |8 X  |9 321825  |a FDOBUD  |b FDOBUD  |i 5444926  |o 512.55 GRO 1970  |p 5444926  |r 2019-11-20  |w 2019-11-20  |y BK_X  |z Catalogado en:20171230  |k BUD